000 00300nam a22001337a 4500
008 171023b xxu||||| |||| 00| 0 eng d
020 _a9780030219610
041 _aeng
080 _22ND
_a338
100 _a54
101 _aMEN
245 _aSYSTEMS ANALYSIS AND DESIGN
_cHARRIS,D
942 _2udc
_cBK
999 _c35414
_d35414